| 000 | 00541nam a2200193 a 4500 | ||
|---|---|---|---|
| 001 | 0400 | ||
| 005 | 20140414132037.0 | ||
| 008 | 040913s19uu xx 00 eng d | ||
| 020 | _a0-590-48762-0 | ||
| 050 |
_aTR _bW56 1993 |
||
| 100 | _aLillie, Patricia | ||
| 245 |
_aWhen this box is full / _cby Patricia Lillie ; pictures by Donald Crews. |
||
| 260 |
_aNew York : _bScholastic, _c1993. |
||
| 300 | _a28 p. : ill. ; cm. | ||
| 650 |
_aMonths _xJuvenile literature. |
||
| 650 | _aChildren stories. | ||
| 999 |
_c113764 _d113764 |
||